Score 0/20 Timer 03:00
0 Plays Today
Hint Answer % Correct
◄WEST◄Wild
95.3%
▲NORTH▲Northwest
95.1%
◄WEST◄Story
95.1%
◄WEST◄Won
90.3%
►EAST►Eden
88.1%
◄WEST◄Quiet
86.6%
►EAST►Witches
80.3%
◄WEST◄American
69.2%
▼SOUTH▼Song
55.5%
►EAST►L.A.
52.7%
Hint Answer % Correct
▼SOUTH▼Pacific
46.9%
▼SOUTH▼Uncut
45.5%
▲NORTH▲Dallas
45.4%
▼SOUTH▼Beasts
33.3%
▲NORTH▲Nanook
30.1%
►EAST►Promises
27.9%
▲NORTH▲Country
19%
►EAST►Krakatoa
15.6%
▼SOUTH▼Tales
13.7%
▲NORTH▲Fist
6.7%

Today's Daily Dose

Remove Ads.
Support Sporcle.
Get the best of Sporcle when you Go Orange. This ad-free experience offers more features, more stats, and more fun while also helping to support Sporcle. Thank you for becoming a member.

You're not logged in!

Compare scores with friends on all Sporcle quizzes.
OR
Log In

Show Comments

Extras

Top Quizzes Today


Score Distribution

Your Account Isn't Verified!

In order to create a playlist on Sporcle, you need to verify the email address you used during registration. Go to your Sporcle Settings to finish the process.

Report this User

Report this user for behavior that violates our Community Guidelines.

Details: